000 00784nam a22001937a 4500
999 _c4608
_d4608
001 12486
003 BD-DhUAP
005 20201209124920.0
008 201115r19962005bg a|||| |||| 000 0 ben d
020 _a9844950031
040 _aBD-DhUAP
_bBen
_cBD-DhUAP
_dBD-DhUAP
082 _223
_a954.922 MAM
100 _aমামুন, মুনতাসীর।
245 _aঢাকার হারিয়ে যাওয়া ছবির খোঁজে /
_cমুনতাসীর মামুন।
260 _aঢাকা :
_bপার্ল পাবলিকেশন্স,
_cc১৯৯৬ [মুদ্রণ ২০০৫]।
300 _a৯০ পৃষ্ঠা :
_bচিত্র ;
_c২১ সেমি.।
651 _aDhaka, Bangladesh
_vHistory.
942 _2ddc
_cBK